| 000 | 01166nam a2200253 a 4500 | ||
|---|---|---|---|
| 005 | 20160816142019.0 | ||
| 008 | 160816b bo ||||r|||| 00| 0 spa d | ||
| 040 |
_aCO-BoIAVH _cCO-BoIAVH |
||
| 041 | 0 | _aspa | |
| 044 | _abo | ||
| 082 | 0 | 4 |
_a333.9516 _bB32l |
| 100 | 1 |
_aBaudoin, Mario _eautor |
|
| 245 | 1 | 0 |
_aLineamientos para la elaboración de una estrategia nacional de conservación y uso sostenible de la biodiversidad / _cMario Baudoin y Raúl España |
| 246 | 4 | _aLineamientos para una estrategia nacional de conservación y uso sostenible de la diversidad biológica | |
| 260 |
_aLima _bDNCB _bPNUD _bGEF _bUNOPS _c1998? |
||
| 300 |
_a58 páginas ; _c28 x 21 cm. |
||
| 505 | 2 | _aPolíticas de la dirección nacional de conservación de la biodiversidad. | |
| 650 | 2 | 6 |
_aPolítica ambiental _zBolivia |
| 650 | 2 | 6 |
_aBiodiversidad _xuso sostenible _zBolivia |
| 650 | 2 | 6 |
_aConservación de la diversidad biológica _zBolivia |
| 700 | 1 |
_aEspaña, Raul _eautor |
|
| 710 | 1 |
_aBolivia. _bMinisterio de Desarrollo Sostenible y Medio Ambiente. Secretaría Nacional de Recursos Naturales y Medio Ambiente. |
|
| 942 |
_cLIBRO _2ddc |
||
| 999 |
_c1210 _d1210 |
||